Comedias escogidas de Fray Gabriel Tellez (El maestro Tirso de Molina)
保存先:
| 団体著者: | |
|---|---|
| フォーマット: | 図書 |
| 言語: | Undetermined |
| 出版事項: |
Madrid, España
M. Rivadeneyra
1885
|
| 版: | 3 |
| 主題: | |
| タグ: |
タグ追加
タグなし, このレコードへの初めてのタグを付けませんか!
|
MARC
| LEADER | 00000nam a2200000Ia 4500 | ||
|---|---|---|---|
| 008 | 170316s9999 xx 000 0 und d | ||
| 110 | |a Biblioteca de autores españoles | ||
| 245 | |a Comedias escogidas de Fray Gabriel Tellez (El maestro Tirso de Molina) | ||
| 250 | |a 3 | ||
| 260 | |a Madrid, España | ||
| 260 | |b M. Rivadeneyra | ||
| 260 | |c 1885 | ||
| 300 | |a 724 páginas | ||
| 650 | |a ENCICLOPEDIAS EN ESPAÑOL | ||
| 999 | |c 30163 |d 30163 | ||
| 040 | |a cru BVZT | ||
| 942 | |c 15 D |2 z | ||
